000 00503cam a2200181 4500
008 090401t1973 xxu||||| |||| 00| 0 eng d
020 _a0716101688
035 _a(Sirsi) u57027
041 _aeng
050 _a333.77
100 _aBazlinton, C (ed)
245 _a100 centre guide to commercial property development.
260 _aEpping, Essex
_bGower Economic Publications
_c1973
300 _axxviii. 562. 4p. ill. maps. plans. 25cm. pbk
350 _a8.5
942 _n0
948 _c04/03/1997
999 _c93877
_d93877